Inter 2024/25 - Statistics

General Stats
  • This quiz has been taken 26 times
    22 since last reset
  • The average score is 14 of 25
Answer Stats
Shirt number Player % Correct
10 Lautaro Martínez
95%
9 Marcus Thuram
95%
1 Yann Sommer
95%
95 Alessandro Bastoni
85%
23 Nicolò Barella
80%
20 Hakan Çalhanoğlu
75%
2 Denzel Dumfries
70%
32 Federico Dimarco
70%
15 Francesco Acerbi
70%
22 Henrikh Mkhitaryan
70%
13 Josep Martínez
70%
30 Carlos Augusto
55%
36 Matteo Darmian
55%
7 Piotr Zieliński
55%
16 Davide Frattesi
50%
8 Marko Arnautovic
50%
99 Mehdi Taremi
50%
28 Benjamin Pavard
45%
6 Stefan De Vrij
45%
31 Yann Bisseck
45%
11 Joaquín Correa
35%
21 Kristjan Asllani
30%
12 Raffaele Di Gennaro
10%
17 Tajon Buchanan
10%
42 Tomás Palacios
5%
No matching quizzes found
Score Distribution
Percent of People with Each Score
Percentile by Number Answered
Your Score History
You have not taken this quiz since the last reset